000 00984cam a2200301 a 4500
001 000011905
005 20200929162619.0
008 950817s2000 maua 001 0 spa d
020 _a0073655198
035 _a(DLC) 95036110
040 _aDO-SdBNP
_bspaeng
_cDLC
_dBNPHU
041 1 7 _aspaeng
_2Código de idioma MARC
082 _a468.2421
_bQ3t, 2000
245 0 0 _aQué te parece? :
_bintermediate spanish /
_cJames F. Lee ... [et al.].
250 _a2a ed.
260 _aBoston :
_bMcGraw-Hill,
_c2000.
300 _axxviii, 360, A54 p. :
_bil. ;
_c26 cm.
500 _aIncluye índice
650 4 _aEspañol
_xLibros de texto para extranjeros
_xInglés
_918613
650 4 _aInglés
_xLibros de texto para extranjeros
_xEspañol
_928157
700 1 _aLee, James F.
_928158
700 1 _aYoung, Dolli Jesusita.
_928159
700 1 _aWolf, Darlene F.
_928160
700 1 _aChandler, Paul Michael.
_928161
910 _aCatalogación derivada
910 _aWM
049 _aBNGR
999 _c11575
_d11575